000 00654nam a2200229Ia 4500
003 OSt
005 20200820131652.0
008 190216s9999||||xx |||||||||||||| ||und||
020 _a9780063504318
020 _a9788129702685
020 _a9788131709726
040 _coclc
082 _a541.39
_bLAI/C
100 _aLaidler, Keith J
_94239
245 0 _aChemical Kinetics /
_cKeith J Laidler
250 _a3rd Ed.
260 _bHarper International Publishers,
_c1987.
_aNew York:
260 _bPearson Education,
_c2004.
_aDelhi:
300 _a531p
650 _aChemistry
942 _cBK
_2ddc
_h541.39
_iLAI/C
_k541.39
_mLAI/C
999 _c2733
_d2733